Faith / (Record no. 11502)
[ view plain ]
| 000 -LEADER | |
|---|---|
| fixed length control field | 01004pam a2200301 a 4500 |
| 001 - CONTROL NUMBER | |
| control field | 4433410 |
| 003 - CONTROL NUMBER IDENTIFIER | |
| control field | OSt |
| 005 - DATE AND TIME OF LATEST TRANSACTION | |
| control field | 20140310182257.0 |
| 008 - FIXED-LENGTH DATA ELEMENTS--GENERAL INFORMATION | |
| fixed length control field | 940825s1994 nyu 000 1 eng |
| 010 ## - LIBRARY OF CONGRESS CONTROL NUMBER | |
| LC control number | 94024663 |
| 020 ## - INTERNATIONAL STANDARD BOOK NUMBER | |
| International Standard Book Number | 9780002244688 |
| Terms of availability | $24.00 ($31.00 Can.) |
| 040 ## - CATALOGING SOURCE | |
| Original cataloging agency | DLC |
| Transcribing agency | DLC |
| Modifying agency | DLC |
| 043 ## - GEOGRAPHIC AREA CODE | |
| Geographic area code | e-uk--- |
| 050 00 - LIBRARY OF CONGRESS CALL NUMBER | |
| Classification number | PR 6054 |
| Item number | .D324 1994 |
| 082 00 - DEWEY DECIMAL CLASSIFICATION NUMBER | |
| Classification number | FIC |
| Item number | D36f 1994 |
| 100 1# - MAIN ENTRY--PERSONAL NAME | |
| Personal name | Deighton, Len, |
| Dates associated with a name | 1929- |
| 9 (RLIN) | 20434 |
| 245 10 - TITLE STATEMENT | |
| Title | Faith / |
| Statement of responsibility, etc | Len Deighton. |
| 250 ## - EDITION STATEMENT | |
| Edition statement | 1st U.S ed. |
| 260 ## - PUBLICATION, DISTRIBUTION, ETC. (IMPRINT) | |
| Place of publication, distribution, etc | New York : |
| Name of publisher, distributor, etc | HarperCollins Publishers, |
| Date of publication, distribution, etc | c1994. |
| 300 ## - PHYSICAL DESCRIPTION | |
| Extent | vi, 337 p. ; |
| Dimensions | 25 cm. |
| 650 #0 - SUBJECT ADDED ENTRY--TOPICAL TERM | |
| Topical term or geographic name as entry element | Samson, Bernard (Fictitious character) |
| General subdivision | Fiction. |
| 9 (RLIN) | 20435 |
| 650 #0 - SUBJECT ADDED ENTRY--TOPICAL TERM | |
| Topical term or geographic name as entry element | Intelligence service |
| Geographic subdivision | Great Britain |
| General subdivision | Fiction. |
| 9 (RLIN) | 20436 |
| 655 #7 - INDEX TERM--GENRE/FORM | |
| Genre/form data or focus term | Spy stories. |
| Source of term | gsafd |
| 9 (RLIN) | 4765 |
| 906 ## - LOCAL DATA ELEMENT F, LDF (RLIN) | |
| a | 7 |
| b | cbc |
| c | orignew |
| d | 1 |
| e | ocip |
| f | 19 |
| g | y-gencatlg |
| 942 ## - ADDED ENTRY ELEMENTS (KOHA) | |
| Source of classification or shelving scheme | Library of Congress Classification |
| Koha item type | |
| Call number prefix | |
| Withdrawn status | Lost status | Source of classification or shelving scheme | Damaged status | Home library | Current library | Shelving location | Date acquired | Total Checkouts | Full call number | Barcode | Date last seen | Copy number | Price effective from | Koha item type |
|---|---|---|---|---|---|---|---|---|---|---|---|---|---|---|
| Library of Congress Classification | Luxembourg Library | Luxembourg Library | Fiction Section | 09/17/2013 | PR 6054 .D324 1994 | 6992 | 05/27/2015 | 1 | 09/17/2013 | Books |